Statistiken für Top 10 Kälteste Hauptstädte der Welt

Klicken Sie hier um das Quiz zu spielen!

Allgemein

  • Dieses Quiz wurde 471 mal gespielt
  • Das Durchschnittsergebnis liegt bei 15 aus 20

Antwortstatistiken

°CHauptstadtLand% Korrekt
5.8MoskauRussland
99%
5.7OsloNorwegen
97%
6.6StockholmSchweden
96%
5.9HelsinkiFinnland
94%
4.3ReykjavikIsland
92%
9.7BerlinDeutschland
89%
6.1RigaLettland
89%
6.6OttawaKanada
88%
5.9TallinnEstland
88%
6.0VilniusLitauen
85%
6.7MinskWeißrussland
84%
8.5WarschauPolen
83%
8.2KopenhagenDänemark
82%
8.4KiewUkraine
80%
-0.4UlaanbaatarMongolei
73%
8.8BernSchweiz
65%
8.4PragTschechien
63%
3.5AstanaKasachstan
47%
9.3LuxemburgLuxemburg
26%
8.8La PazBolivien
17%

Verteilung der Resultate

Perzentil nach korrekt beantworteten Fragen

Anzahl Personen mit jedem Resultat

Ihre Resultats-Entwicklung

Sie haben dieses Quiz noch nicht gespielt